Integration Programme of the European Community and Chances for its Realization

Gespeichert in:
Bibliographische Detailangaben
Format: Buch
Sprache:Englisch
Veröffentlicht: Budapest Hungarian Scientific Council for World Economy 1990
Ausgabe:1. ed.
Tags: Tag hinzufügen
Keine Tags, Fügen Sie das erste Tag hinzu!

MARC

LEADER 00000nam a2200000 4500
001 c027789
005 20221215113949.2
041 0 |a eng 
044 |a HU 
245 1 0 |a Integration Programme of the European Community and Chances for its Realization 
250 |a 1. ed. 
264 1 |a Budapest  |b Hungarian Scientific Council for World Economy  |c 1990 
300 |a 227 s.